THE LOVERS (Record no. 2485)
[ view plain ]
| 000 -LEADER | |
|---|---|
| fixed length control field | 00530nam a22001457a 4500 |
| 020 ## - INTERNATIONAL STANDARD BOOK NUMBER | |
| ISBN | 978-0-340-93671-9 |
| 082 ## - DEWEY DECIMAL CLASSIFICATION NUMBER | |
| Classification number | 823 |
| Item number | CON/L |
| 100 ## - MAIN ENTRY--AUTHOR NAME | |
| Personal name | CONNOLLY, JOHN |
| 245 ## - TITLE STATEMENT | |
| Title | THE LOVERS |
| 260 ## - PUBLICATION, DISTRIBUTION, ETC. (IMPRINT) | |
| Place of publication | LONDON |
| Name of publisher | HODDER & STOUGHTON LTD. |
| 300 ## - PHYSICAL DESCRIPTION | |
| Number of Pages | 474 |
| 520 ## - SUMMARY, ETC. | |
| Summary, etc | The Lovers sees Charlie working in a bar after having his PI license revoked, he decides to investigate the haunting suicide of his father an NYPD cop who shot an unarmed couple and followed it up by killing himself. |
| 650 ## - SUBJECT ADDED ENTRY--TOPICAL TERM | |
| Topical Term | NOVEL,ENGLISH |
| Geographic subdivision | LONDON |
| 942 ## - ADDED ENTRY ELEMENTS (KOHA) | |
| Koha item type | Books |
| Withdrawn status | Lost status | Collection code | Home library | Current library | Shelving location | Date acquired | Source of acquisition | Cost, normal purchase price | Full call number | Accession Number | Koha item type |
|---|---|---|---|---|---|---|---|---|---|---|---|
| Fiction | Main Library | Main Library | SHELF-2-E ENGLIAH NOVEL TEACHERS | 06/08/2011 | PURCHASE | 295.00 | 823 CON/L | 05551 | Books |